[Event "Ufa SFGU Cup tt"]
[Site "Ufa"]
[Date "2012.12.08"]
[Round "6"]
[White "Afanasiev, Dmitry1111"]
[Black "Karimov, Farid"]
[Result "0-1"]
[WhiteElo "1750"]
[BlackElo "2003"]
[PlyCount "88"]
[EventDate "2012.12.03"]
[EventType "team-swiss"]
[EventRounds "7"]
[EventCountry "RUS"]
[SourceTitle "CBM 152 Extra"]
[Source "ChessBase"]
[SourceDate "2013.02.25"]
[SourceVersion "1"]
[SourceVersionDate "2013.02.25"]
[SourceQuality "1"]

1. e4 d5 2. exd5 Qxd5 3. Nc3 Qd6 4. d4 c6 5. Nf3 Bg4 6. Be3 Nf6 7. g3 e6 8. Bg2 Nbd7 9. 0-0 Be7 10. a3 Qc7 11. Qd2 Rd8 12. Bf4 Bd6 13. Bxd6 Qxd6 14. Qg5 0-0 15. Ne4 Qd5 16. Nxf6+ Nxf6 17. Ne5 Qxd4 18. c3 h6 19. Qxf6 gxf6 20. cxd4 fxe5 21. dxe5 Rd2 22. b4 Be2 23. Rfe1 Rfd8 24. f4 R8d4 25. Reb1 Kf8 26. a4 a6 27. a5 h5 28. Ra3 Bc4 29. Bf3 Be2 30. Bg2 Bg4 31. Re3 Rc2 32. Bf1 Rdd2 33. h3 Bf5 34. Rbb3 Rc1 35. Rbc3 Rcd1 36. Rf3 Bxh3 37. Rb3 Kg7 38. Rbe3 Rb1 39. Rb3 Rxb3 40. Rxb3 Rd1 41. Rf3 Kg6 42. Rf2 Kf5 43. Rf3 Kg4 44. Rf2 Rxf1+ 0-1

[Event "Ufa-ch sf1"]
[Site "Ufa"]
[Date "2012.01.24"]
[Round "4"]
[White "Karimov, Farid"]
[Black "Churaev, Raif"]
[Result "0-1"]
[WhiteElo "2013"]
[BlackElo "2091"]
[PlyCount "44"]
[EventDate "2012.01.21"]
[EventType "swiss"]
[EventRounds "9"]
[EventCountry "RUS"]
[SourceTitle "EXT 2014"]
[Source "ChessBase"]
[SourceDate "2013.11.20"]
[SourceVersion "1"]
[SourceVersionDate "2013.11.20"]
[SourceQuality "1"]

1. d4 Nf6 2. Bf4 e6 3. e3 c5 4. c3 Nc6 5. Nd2 Be7 6. Bd3 b6 7. Ngf3 Bb7 8. h3 0-0 9. 0-0 Nd5 10. Bh2 f5 11. a3 Nf6 12. e4 cxd4 13. cxd4 g6 14. d5 fxe4 15. Nxe4 Nxd5 16. Nd6 Bxd6 17. Bxd6 Rf7 18. Qd2 Rxf3 19. gxf3 Qf6 20. Be4 Nd4 21. Qd3 e5 22. Bb4 Nf4 0-1

[Event "Ufa Kopylov Memorial op 8th"]
[Site "Ufa"]
[Date "2011.12.19"]
[Round "3"]
[White "Karimov, Farid"]
[Black "Meliksetyan, David"]
[Result "1-0"]
[WhiteElo "2004"]
[BlackElo "1616"]
[PlyCount "105"]
[EventDate "2011.12.17"]
[EventType "swiss"]
[EventRounds "9"]
[EventCountry "RUS"]
[SourceTitle "CBM 146 Extra"]
[Source "ChessBase"]
[SourceDate "2012.02.29"]
[SourceVersion "1"]
[SourceVersionDate "2012.02.29"]
[SourceQuality "1"]

1. d4 d5 2. Bf4 Nf6 3. e3 Bf5 4. c4 c6 5. Qb3 Qc8 6. Nf3 e6 7. Nh4 Be4 8. Nd2 dxc4 9. Bxc4 Bd5 10. Nhf3 Nbd7 11. e4 Bxc4 12. Qxc4 Be7 13. 0-0 0-0 14. b4 Nb6 15. Qb3 Nh5 16. Be3 Qc7 17. a4 Nf4 18. g3 Ng6 19. Rac1 Qd6 20. a5 Nd7 21. Nc4 Qxb4 22. Qxb4 Bxb4 23. Rb1 c5 24. dxc5 Bxc5 25. Rxb7 Bxe3 26. Rxd7 Bc5 27. Rfd1 Rfc8 28. a6 Bxf2+ 29. Kxf2 Rxc4 30. Rd8+ Rxd8 31. Rxd8+ Nf8 32. Ra8 Rc7 33. Nd4 e5 34. Nb5 Rc2+ 35. Ke3 g6 36. Nxa7 Kg7 37. Nb5 Ne6 38. a7 Ra2 39. Rc8 Nd4 40. a8Q Rxa8 41. Rxa8 Nxb5 42. Ra5 Nc7 43. Rxe5 Ne6 44. h4 h5 45. Rd5 Nc7 46. Kf4 Ne8 47. e5 Nc7 48. Rd6 Kf8 49. Rc6 Ne6+ 50. Ke4 Ke7 51. Kd5 Kd7 52. Rd6+ Ke7 53. Rxe6+ 1-0

[Event "Ufa Kopylov Memorial op 8th"]
[Site "Ufa"]
[Date "2011.12.18"]
[Round "2"]
[White "Iskhakov, Artur"]
[Black "Karimov, Farid"]
[Result "1-0"]
[WhiteElo "1869"]
[BlackElo "2004"]
[PlyCount "115"]
[EventDate "2011.12.17"]
[EventType "swiss"]
[EventRounds "9"]
[EventCountry "RUS"]
[SourceTitle "CBM 146 Extra"]
[Source "ChessBase"]
[SourceDate "2012.02.29"]
[SourceVersion "1"]
[SourceVersionDate "2012.02.29"]
[SourceQuality "1"]

1. e4 d5 2. exd5 Qxd5 3. Nc3 Qd6 4. g3 Nc6 5. Bg2 Bf5 6. Nf3 0-0-0 7. 0-0 Kb8 8. d4 e5 9. Nh4 g6 10. Nxf5 gxf5 11. dxe5 Qxd1 12. Rxd1 Rxd1+ 13. Nxd1 Nxe5 14. b3 Bc5 15. Bb2 f6 16. Ne3 Nh6 17. Rd1 c6 18. h3 Kc7 19. Bd4 Nd7 20. Bxc5 Nxc5 21. Rd4 Ne4 22. Bxe4 fxe4 23. Rxe4 Kd7 24. Kg2 Nf7 25. Nf5 Ne5 26. f4 Ng6 27. Kf3 h5 28. c4 b6 29. c5 bxc5 30. Ra4 Ke6 31. Ne3 Ne7 32. Rxa7 Rd8 33. Ra5 Rd2 34. Rxc5 Rxa2 35. Rxh5 Ra3 36. f5+ Kf7 37. Rh7+ Kf8 38. Rh8+ Ng8 39. Rh4 Rxb3 40. Rc4 Ne7 41. Kf4 Rb2 42. h4 Rf2+ 43. Ke4 Kf7 44. Rc2 Rxc2 45. Nxc2 Kg7 46. g4 Kf7 47. Nb4 Kf8 48. Kd4 Ke8 49. Kc5 Kd7 50. Nc2 Ng8 51. Nd4 Nh6 52. g5 fxg5 53. hxg5 Nf7 54. g6 Nh6 55. f6 Ng4 56. f7 Ke7 57. Nxc6+ Kf8 58. Nd8 1-0

[Event "Ufa-ch FL"]
[Site "Ufa"]
[Date "2011.11.26"]
[Round "6.4"]
[White "Tagirov, Kajum K"]
[Black "Karimov, Farid"]
[Result "1/2-1/2"]
[WhiteElo "1898"]
[BlackElo "2003"]
[PlyCount "166"]
[EventDate "2011.11.20"]
[EventType "swiss"]
[EventRounds "9"]
[EventCountry "RUS"]
[SourceTitle "EXT 2022"]
[Source "ChessBase"]
[SourceDate "2021.10.06"]
[SourceVersion "1"]
[SourceVersionDate "2021.10.06"]
[SourceQuality "1"]

1. c4 f5 2. Nc3 Nf6 3. g3 c6 4. Bg2 d6 5. d4 e5 6. dxe5 dxe5 7. Qxd8+ Kxd8 8. Bg5 Be6 9. b3 Nbd7 10. 0-0-0 Kc7 11. Kb2 Bc5 12. f3 h6 13. Bc1 g5 14. e3 a5 15. a4 h5 16. Nge2 h4 17. Bd2 Rh7 18. Nc1 g4 19. f4 Rah8 20. Nd3 e4 21. Nc1 hxg3 22. hxg3 Rh2 23. Rxh2 Rxh2 24. Rg1 Bb6 25. N3e2 Nc5 26. Kc2 Bf7 27. Kc3 Be6 28. Nd4 Kd7 29. Nde2 Ne8 30. Nd4 Nd6 31. Nc2 Bc7 32. Na3 Ke7 33. Be1 Bd7 34. Bf1 Ke6 35. Nc2 Bd8 36. Nd4+ Kf7 37. Bd2 Bf6 38. Kc2 b6 39. Rg2 Rh1 40. Be2 Bd8 41. Bc3 Na6 42. Na2 Bf6 43. Nc1 c5 44. Nb5 Bxb5 45. cxb5 Nb4+ 46. Bxb4 cxb4 47. Bd1 Nb7 48. Rd2 Ke6 49. Be2 Nd6 50. Bd1 Bc3 51. Rg2 Nb7 52. Be2 Nc5 53. Bc4+ Kf6 54. Ne2 Be1 55. Nd4 Kg6 56. Ne2 Nd7 57. Nd4 Bc3 58. Ne2 Bg7 59. Nc1 Re1 60. Ne2 Rh1 61. Nc1 Bf8 62. Rd2 Nc5 63. Rd8 Rh2+ 64. Ne2 Nd3 65. Bxd3 exd3+ 66. Kxd3 Bc5 67. Re8 Rh1 68. Nd4 Rg1 69. Re6+ Kf7 70. Re5 Rxg3 71. Rxf5+ Ke8 72. Ke4 Rg1 73. Rg5 g3 74. Rg8+ Kf7 75. Rg4 g2 76. Rg3 Kf6 77. Kf3 Bxd4 78. exd4 Rf1+ 79. Kxg2 Rd1 80. Kf3 Rd3+ 81. Kg4 Rxd4 82. Rh3 Kg6 83. Re3 Kf6 1/2-1/2

[Event "Ufa-ch FL"]
[Site "Ufa"]
[Date "2011.11.25"]
[Round "5.4"]
[White "Karimov, Farid"]
[Black "Malin, Denis Sergeevich"]
[Result "1/2-1/2"]
[WhiteElo "2003"]
[BlackElo "2085"]
[PlyCount "77"]
[EventDate "2011.11.20"]
[EventType "swiss"]
[EventRounds "9"]
[EventCountry "RUS"]
[SourceTitle "EXT 2022"]
[Source "ChessBase"]
[SourceDate "2021.10.06"]
[SourceVersion "1"]
[SourceVersionDate "2021.10.06"]
[SourceQuality "1"]

1. f4 d5 2. Nf3 Nf6 3. g3 g6 4. Bg2 c5 5. d3 Bg7 6. 0-0 Nc6 7. c3 0-0 8. Qe1 Qb6 9. Na3 c4+ 10. Kh1 cxd3 11. exd3 Bf5 12. d4 Bd3 13. Rg1 Be4 14. Ne5 Bxg2+ 15. Rxg2 Ne4 16. Nd7 Qa6 17. Nxf8 Bxf8 18. g4 e6 19. Nc2 f5 20. Ne3 Ne7 21. c4 Bg7 22. gxf5 exf5 23. Nxd5 Nxd5 24. cxd5 Qc4 25. b3 Qxd4 26. Bb2 Qxd5 27. Bxg7 Kxg7 28. h3 Re8 29. Kh2 Nf6 30. Qd2 Qc6 31. Rc1 Qb6 32. Qc3 Kh6 33. Qc5 Qxc5 34. Rxc5 Re7 35. Rgc2 Re3 36. R5c3 Re1 37. Rf3 Re7 38. Kg2 Kh5 39. Rff2 1/2-1/2

[Event "Ufa-ch FL"]
[Site "Ufa"]
[Date "2011.11.21"]
[Round "2.9"]
[White "Mustaev, Rafail"]
[Black "Karimov, Farid"]
[Result "0-1"]
[WhiteElo "1744"]
[BlackElo "2003"]
[PlyCount "148"]
[EventDate "2011.11.20"]
[EventType "swiss"]
[EventRounds "9"]
[EventCountry "RUS"]
[SourceTitle "EXT 2022"]
[Source "ChessBase"]
[SourceDate "2021.10.06"]
[SourceVersion "1"]
[SourceVersionDate "2021.10.06"]
[SourceQuality "1"]

1. d4 f5 2. c4 e6 3. Nc3 d5 4. cxd5 exd5 5. e3 Nf6 6. Bd3 c6 7. Nge2 Bd6 8. Qc2 Qd7 9. a3 0-0 10. Ng3 Ne4 11. Nce2 Qf7 12. f3 Nxg3 13. hxg3 b6 14. f4 c5 15. g4 c4 16. Bxf5 Bxf5 17. gxf5 Qxf5 18. Qxf5 Rxf5 19. g4 Rf8 20. Nc3 Nc6 21. Nxd5 Rae8 22. 0-0 g5 23. fxg5 Rxf1+ 24. Kxf1 Be7 25. Nxe7+ Rxe7 26. Kf2 Na5 27. Bd2 Nb3 28. Rd1 Kg7 29. Kf3 Kg6 30. Kf4 Rf7+ 31. Kg3 Kxg5 32. e4+ Nxd2 33. Rxd2 Rf4 34. e5 Rxg4+ 35. Kf3 Rf4+ 36. Ke3 Kf5 37. Ke2 h5 38. Kd1 Re4 39. Kc2 b5 40. b3 cxb3+ 41. Kxb3 a5 42. Rd3 Re1 43. Kc3 h4 44. Kd2 Re4 45. Kc3 Rg4 46. Rf3+ Ke4 47. Rf1 Rg3+ 48. Kc2 Kd5 49. Rf4 h3 50. Kb2 Rg2+ 51. Kc3 Ra2 52. Rf1 Rxa3+ 53. Kc2 h2 54. Rh1 a4 55. Kb2 Rh3 56. Ka2 b4 57. Kb2 Rh6 58. Ka2 Rh7 59. Kb2 Kxd4 60. e6 Kd3 61. e7 Rxe7 62. Kc1 a3 63. Kb1 Re2 64. Rd1+ Kc3 65. Rc1+ Kb3 66. Rf1 Rg2 67. Rf3+ Kc4 68. Rf4+ Kd5 69. Rf5+ Ke6 70. Rh5 Rg1+ 71. Ka2 b3+ 72. Kxa3 h1Q 73. Rb5 Qa8+ 74. Kxb3 Rg3+ 0-1

[Event "Ufa Siamidi Memorial"]
[Site "Ufa"]
[Date "2011.10.19"]
[Round "4.12"]
[White "Jangurazov, Albert"]
[Black "Karimov, Farid"]
[Result "0-1"]
[WhiteElo "1902"]
[BlackElo "2003"]
[PlyCount "60"]
[EventDate "2011.10.16"]
[EventType "swiss"]
[EventRounds "9"]
[EventCountry "RUS"]
[SourceTitle "EXT 2012"]
[Source "ChessBase"]
[SourceDate "2011.11.24"]
[SourceVersion "1"]
[SourceVersionDate "2011.11.24"]
[SourceQuality "1"]

1. d4 f5 2. e3 Nf6 3. Nf3 e6 4. Bd3 d5 5. Nbd2 Bd6 6. b3 b6 7. Bb2 Bb7 8. 0-0 0-0 9. Qe2 c5 10. Rac1 Nc6 11. c4 Ne4 12. Ne5 Nxd2 13. Qxd2 Bxe5 14. dxe5 dxc4 15. bxc4 Nb4 16. Rfd1 Qg5 17. f4 Qg6 18. Bb1 Bf3 19. Rf1 Rad8 20. Qf2 Be4 21. a3 Nd3 22. Bxd3 Rxd3 23. Rfd1 Rfd8 24. Rxd3 Rxd3 25. Qe2 Rxe3 26. Qf2 Rd3 27. Bc3 Qg4 28. Bd2 Rxa3 29. Bc3 Rxc3 30. Rxc3 Qd1+ 0-1

[Event "Ufa Kopylov Memorial op-B 7th"]
[Site "Ufa"]
[Date "2010.12.26"]
[Round "6"]
[White "Karimov, Farid"]
[Black "Ibragimov, Maxim"]
[Result "0-1"]
[WhiteElo "2036"]
[BlackElo "2159"]
[PlyCount "34"]
[EventDate "2010.12.21"]
[EventType "swiss"]
[EventRounds "9"]
[EventCountry "RUS"]
[SourceTitle "EXT 2012"]
[Source "ChessBase"]
[SourceDate "2011.11.24"]
[SourceVersion "1"]
[SourceVersionDate "2011.11.24"]
[SourceQuality "1"]

1. f4 e6 2. Nf3 b6 3. g3 Bb7 4. Bg2 c5 5. d3 Nf6 6. e4 d6 7. 0-0 Be7 8. f5 exf5 9. exf5 Nbd7 10. d4 0-0 11. c3 Be4 12. Bh3 Qc7 13. Be3 Rac8 14. Nbd2 Bb7 15. g4 Nd5 16. Re1 Nxe3 17. Rxe3 Nf6 0-1

[Event "Ufa Kopylov Memorial op-B 7th"]
[Site "Ufa"]
[Date "2010.12.26"]
[Round "7"]
[White "Kuluev, Zagit"]
[Black "Karimov, Farid"]
[Result "1/2-1/2"]
[WhiteElo "1984"]
[BlackElo "2036"]
[PlyCount "89"]
[EventDate "2010.12.21"]
[EventType "swiss"]
[EventRounds "9"]
[EventCountry "RUS"]
[SourceTitle "EXT 2012"]
[Source "ChessBase"]
[SourceDate "2011.11.24"]
[SourceVersion "1"]
[SourceVersionDate "2011.11.24"]
[SourceQuality "1"]

1. d4 f5 2. c4 Nf6 3. e3 e6 4. Nf3 d5 5. Nc3 c6 6. Bd3 Bd6 7. 0-0 0-0 8. b3 Bd7 9. Bb2 Be8 10. Rc1 Ne4 11. cxd5 exd5 12. Ne5 Nd7 13. Ne2 Qe7 14. f3 Ng5 15. Qd2 Nxe5 16. dxe5 Bxe5 17. Bxe5 Qxe5 18. f4 Ne4 19. fxe5 Nxd2 20. Rxf5 Bg6 21. Rxf8+ Rxf8 22. Bxg6 hxg6 23. Nf4 g5 24. Nd3 Kf7 25. Nc5 b6 26. Rc2 bxc5 27. Rxd2 Ke6 28. Rc2 Kxe5 29. Rxc5 Ke4 30. Rc3 Rf6 31. h3 g4 32. hxg4 g5 33. b4 Ke5 34. Ra3 Ke4 35. Rc3 Ke5 36. a4 a6 37. Kh2 Ke4 38. Kg3 Ke5 39. Ra3 Ke4 40. Rb3 Ke5 41. b5 cxb5 42. axb5 axb5 43. Rxb5 Ke4 44. Rb3 Rf1 45. Ra3 1/2-1/2

[Event "Ufa op"]
[Site "Ufa"]
[Date "2010.11.23"]
[Round "4"]
[White "Karimov, Farid"]
[Black "Ardashirov, Akhtjam"]
[Result "0-1"]
[WhiteElo "2033"]
[BlackElo "2094"]
[PlyCount "48"]
[EventDate "2010.11.20"]
[EventType "swiss"]
[EventRounds "9"]
[EventCountry "RUS"]
[SourceTitle "CBM 139 Extra"]
[Source "ChessBase"]
[SourceDate "2011.01.05"]
[SourceVersion "1"]
[SourceVersionDate "2011.01.05"]
[SourceQuality "1"]

1. d4 Nf6 2. Nf3 c5 3. c3 cxd4 4. cxd4 g6 5. Nc3 d6 6. Bg5 Bg7 7. e3 0-0 8. Bd3 a6 9. b4 Nbd7 10. 0-0 Re8 11. Qb3 Nb6 12. e4 Be6 13. d5 Bg4 14. Nd2 Rc8 15. Rac1 Nbd7 16. h3 Ne5 17. Bb1 Bd7 18. f4 Qb6+ 19. Kh1 Nh5 20. fxe5 Ng3+ 21. Kh2 Bxe5 22. Rfd1 Nxe4+ 23. Kh1 Nf2+ 24. Kg1 Nxd1+ 0-1

[Event "Ufa op"]
[Site "Ufa"]
[Date "2010.11.21"]
[Round "2"]
[White "Karimov, Farid"]
[Black "Zatokovenko, Igor"]
[Result "0-1"]
[WhiteElo "2033"]
[BlackElo "2273"]
[PlyCount "96"]
[EventDate "2010.11.20"]
[EventType "swiss"]
[EventRounds "9"]
[EventCountry "RUS"]
[SourceTitle "CBM 139 Extra"]
[Source "ChessBase"]
[SourceDate "2011.01.05"]
[SourceVersion "1"]
[SourceVersionDate "2011.01.05"]
[SourceQuality "1"]

1. d4 c5 2. e3 d5 3. Nf3 Nf6 4. c3 Nbd7 5. Bd3 g6 6. Nbd2 Bg7 7. 0-0 0-0 8. e4 dxe4 9. Nxe4 Nxe4 10. Bxe4 Nf6 11. Bc2 cxd4 12. Qxd4 Qxd4 13. Nxd4 Bd7 14. Re1 e6 15. Nf3 Rfc8 16. Bg5 h6 17. Bh4 Bc6 18. Ne5 Bd5 19. f3 Rc7 20. Bd3 Nd7 21. Nxd7 Rxd7 22. Bb5 Rc7 23. Bg3 Rc5 24. a4 Rcc8 25. Bd3 a6 26. h4 h5 27. Kf2 Kf8 28. Bd6+ Ke8 29. Bf4 Bf6 30. g3 Be7 31. Be4 Bc5+ 32. Kg2 Rd8 33. Bc2 Bc4 34. b3 Bd3 35. Bb1 Bxb1 36. Raxb1 Rd3 37. Rbc1 Rad8 38. Bg5 Be7 39. b4 Bxg5 40. hxg5 Rd2+ 41. Kh3 R8d3 42. Rf1 Rb2 43. Rb1 Rxb1 44. Rxb1 Rxf3 45. c4 Rf2 46. Rd1 Rf3 47. Rb1 Rf5 48. b5 Rxg5 0-1

[Event "Ufa Siamidi Memorial op"]
[Site "Ufa"]
[Date "2010.10.25"]
[Round "8"]
[White "Ivanov, Vladislav"]
[Black "Karimov, Farid"]
[Result "0-1"]
[WhiteElo "1881"]
[BlackElo "2033"]
[PlyCount "148"]
[EventDate "2010.10.18"]
[EventType "swiss"]
[EventRounds "9"]
[EventCountry "RUS"]
[SourceTitle "EXT 2011"]
[Source "ChessBase"]
[SourceDate "2010.11.26"]
[SourceVersion "1"]
[SourceVersionDate "2010.11.26"]
[SourceQuality "1"]

1. e4 d5 2. exd5 Qxd5 3. Nc3 Qd6 4. d4 Nf6 5. Nf3 a6 6. Bc4 b5 7. Bb3 e6 8. 0-0 Nbd7 9. Re1 c5 10. dxc5 Qxd1 11. Rxd1 Nxc5 12. Bf4 Bb7 13. Rd2 Nxb3 14. axb3 Nd5 15. Bg3 Bb4 16. Nxd5 Bxd5 17. c3 Be7 18. b4 f6 19. Ne1 Kf7 20. Nd3 Rhc8 21. h3 g5 22. f4 gxf4 23. Nxf4 Bc6 24. Re1 e5 25. Nd5 Bxd5 26. Rxd5 Ke6 27. Rd2 Rd8 28. Rxd8 Rxd8 29. Ra1 Ra8 30. Kf1 Bd8 31. b3 Kd5 32. Rd1+ Ke6 33. Ra1 f5 34. c4 f4 35. Bf2 bxc4 36. bxc4 e4 37. Bc5 a5 38. Ra4 Rc8 39. bxa5 Rxc5 40. a6 Rc8 41. a7 Ra8 42. c5 Kd5 43. c6 Bc7 44. Ke2 e3 45. Ra6 Kc5 46. g3 fxg3 47. Kxe3 Kb5 48. Ra2 Kxc6 49. Kf3 Kb7 50. Re2 Rxa7 51. Re7 h5 52. Rh7 Ra5 53. Kg2 Kc6 54. Kf3 Bd6 55. Rh6 Rf5+ 56. Kg2 Rf2+ 57. Kg1 Ra2 58. h4 Kd7 59. Rg6 Ke7 60. Kh1 Rf2 61. Kg1 Rh2 62. Rg7+ Kf6 63. Rg8 Rxh4 64. Rc8 Rd4 65. Kg2 h4 66. Kh3 Be5 67. Rc6+ Kg5 68. Rc5 Kf5 69. Rc8 Rg4 70. Rc2 Rg8 71. Rf2+ Kg5 72. Re2 Bf4 73. Rg2 Rd8 74. Re2 Rd7 0-1

[Event "Ufa Siamidi Memorial op"]
[Site "Ufa"]
[Date "2010.10.24"]
[Round "7"]
[White "Karimov, Farid"]
[Black "Garifullin, Ildar"]
[Result "0-1"]
[WhiteElo "2033"]
[BlackElo "1852"]
[PlyCount "40"]
[EventDate "2010.10.18"]
[EventType "swiss"]
[EventRounds "9"]
[EventCountry "RUS"]
[SourceTitle "EXT 2011"]
[Source "ChessBase"]
[SourceDate "2010.11.26"]
[SourceVersion "1"]
[SourceVersionDate "2010.11.26"]
[SourceQuality "1"]

1. d4 d5 2. Nf3 Nf6 3. Bf4 e6 4. e3 Be7 5. Bd3 Nbd7 6. Nbd2 c6 7. Ne5 c5 8. c3 Nf8 9. 0-0 Ng6 10. Nxg6 hxg6 11. dxc5 Bxc5 12. e4 Nh5 13. exd5 Nxf4 14. Qa4+ Kf8 15. Qxf4 Bd6 16. Qf3 Bxh2+ 17. Kh1 Bg3+ 18. Kg1 Rh1+ 19. Kxh1 Qh4+ 20. Kg1 Qh2# 0-1

[Event "Ufa Siamidi Memorial op"]
[Site "Ufa"]
[Date "2010.10.23"]
[Round "6"]
[White "Nozdrin, Alexander V"]
[Black "Karimov, Farid"]
[Result "1-0"]
[WhiteElo "2379"]
[BlackElo "2033"]
[PlyCount "42"]
[EventDate "2010.10.18"]
[EventType "swiss"]
[EventRounds "9"]
[EventCountry "RUS"]
[SourceTitle "EXT 2011"]
[Source "ChessBase"]
[SourceDate "2010.11.26"]
[SourceVersion "1"]
[SourceVersionDate "2010.11.26"]
[SourceQuality "1"]

1. e4 d5 2. exd5 Qxd5 3. Nc3 Qd6 4. d4 Nf6 5. g3 Bg4 6. Nf3 e5 7. Nb5 Qc6 8. d5 Nxd5 9. h3 Nc3 10. bxc3 Bxf3 11. Nxc7+ Ke7 12. Qd3 Be4 13. Qe3 Qxc7 14. Qxe4 Qxc3+ 15. Kd1 Qxa1 16. Qxb7+ Nd7 17. Qxa8 g6 18. Qxa7 Bh6 19. f4 Rb8 20. Bg2 Rb1 21. Ke2 Kd8 1-0

[Event "Ufa Dautov Memorial op"]
[Site "Ufa"]
[Date "2010.04.11"]
[Round "9"]
[White "Karimov, Farid"]
[Black "Valiullin, Albert"]
[Result "1/2-1/2"]
[WhiteElo "2033"]
[BlackElo "1929"]
[PlyCount "61"]
[EventDate "2010.04.03"]
[EventType "swiss"]
[EventRounds "9"]
[EventCountry "RUS"]
[SourceTitle "CBM 135 Extra"]
[Source "ChessBase"]
[SourceDate "2010.05.04"]
[SourceVersion "1"]
[SourceVersionDate "2010.05.04"]
[SourceQuality "1"]

1. d4 d5 2. Nf3 e6 3. Bf4 c5 4. e3 a6 5. c3 Nc6 6. Bd3 Nf6 7. Nbd2 Bd6 8. 0-0 Qc7 9. Bxd6 Qxd6 10. e4 dxe4 11. Nxe4 Nxe4 12. Bxe4 cxd4 13. cxd4 0-0 14. Qd2 Ne7 15. Rad1 Nd5 16. Ne5 Bd7 17. f4 Bb5 18. Rf3 f6 19. Nd3 f5 20. Bxd5 Qxd5 21. Ne5 Qxa2 22. Rc1 Rac8 23. Rfc3 Rxc3 24. Rxc3 Qb1+ 25. Rc1 Qe4 26. h4 Rd8 27. Nf3 h6 28. h5 Bc6 29. Rc5 Rd5 30. Rc1 Rd8 31. Rc5 1/2-1/2

[Event "Ufa Dautov Memorial op"]
[Site "Ufa"]
[Date "2010.04.09"]
[Round "7"]
[White "Karimov, Farid"]
[Black "Ibragimov, Maxim"]
[Result "0-1"]
[WhiteElo "2033"]
[BlackElo "2151"]
[PlyCount "40"]
[EventDate "2010.04.03"]
[EventType "swiss"]
[EventRounds "9"]
[EventCountry "RUS"]
[SourceTitle "CBM 135 Extra"]
[Source "ChessBase"]
[SourceDate "2010.05.04"]
[SourceVersion "1"]
[SourceVersionDate "2010.05.04"]
[SourceQuality "1"]

1. d4 Nf6 2. Nf3 d5 3. Bf4 c6 4. e3 Qb6 5. Qc1 Bf5 6. c4 Nbd7 7. c5 Qb4+ 8. Qc3 Qxc3+ 9. Nxc3 Nh5 10. b4 f6 11. h3 Nxf4 12. exf4 a5 13. b5 e5 14. Nh4 Be6 15. f5 Bf7 16. Kd2 exd4 17. Na4 Nxc5 18. Nb6 Rb8 19. f3 Kd8 20. Rc1 Kc7 0-1

[Event "Ufa-ch"]
[Site "Ufa"]
[Date "2009.03.12"]
[Round "7"]
[White "Karimov, Farid"]
[Black "Nechepurenko, Roman V"]
[Result "0-1"]
[WhiteElo "2065"]
[BlackElo "2503"]
[PlyCount "48"]
[EventDate "2009.03.01"]
[EventType "tourn"]
[EventRounds "11"]
[EventCountry "RUS"]
[EventCategory "2"]
[SourceTitle "EXT 2010"]
[Source "ChessBase"]
[SourceDate "2010.11.25"]
[SourceVersion "1"]
[SourceVersionDate "2010.11.25"]
[SourceQuality "1"]

1. d4 c5 2. dxc5 e6 3. a3 Bxc5 4. Nf3 Nf6 5. b4 Be7 6. e3 0-0 7. Bd3 a5 8. b5 d6 9. Nc3 Nbd7 10. Na4 e5 11. Bc4 b6 12. Ba2 Bb7 13. c4 Ne4 14. Bb2 Kh8 15. Nc3 Nxc3 16. Bxc3 f5 17. h4 f4 18. Ng5 Bxg5 19. hxg5 Qxg5 20. Qd3 Nf6 21. exf4 Qxf4 22. Bd2 Qg4 23. f3 Qg3+ 24. Kf1 e4 0-1

[Event "Ufa-ch"]
[Site "Ufa"]
[Date "2009.03.03"]
[Round "2"]
[White "Glidzhain, Gor Mikhailovich"]
[Black "Karimov, Farid"]
[Result "1-0"]
[WhiteElo "2268"]
[BlackElo "2065"]
[PlyCount "113"]
[EventDate "2009.03.01"]
[EventType "tourn"]
[EventRounds "11"]
[EventCountry "RUS"]
[EventCategory "2"]
[SourceTitle "EXT 2010"]
[Source "ChessBase"]
[SourceDate "2010.11.25"]
[SourceVersion "1"]
[SourceVersionDate "2010.11.25"]
[SourceQuality "1"]

1. e4 Nf6 2. Nc3 d5 3. exd5 Nxd5 4. d4 Bf5 5. Nxd5 Qxd5 6. c4 Qe4+ 7. Be3 e5 8. Be2 Bb4+ 9. Kf1 0-0 10. d5 Nd7 11. Rc1 Bc5 12. Bxc5 Nxc5 13. b4 Nd3 14. Bxd3 Qxd3+ 15. Qxd3 Bxd3+ 16. Ke1 a5 17. Kd2 e4 18. b5 c6 19. Ne2 cxd5 20. cxd5 Rfd8 21. Nc3 f5 22. Ke3 Rac8 23. g4 f4+ 24. Kxf4 Rf8+ 25. Ke3 Rf3+ 26. Kd4 Rc4+ 27. Ke5 Rxf2 28. d6 e3 29. d7 Rf8 30. Nd5 Re4+ 31. Kd6 Bc4 32. Rxc4 Rxc4 33. Nxe3 Rd4+ 34. Nd5 Rd8 35. Rc1 Rxd5+ 36. Kxd5 Rxd7+ 37. Ke6 Rd8 38. Rc7 b6 39. Rb7 Rf8 40. g5 h6 41. h4 hxg5 42. hxg5 Rf2 43. Rxb6 Kh7 44. a4 Rf4 45. Ra6 Rxa4 46. b6 Rb4 47. Kd6 Kg6 48. Kc5 Kxg5 49. Rxa5 Rxb6 50. Kxb6+ Kf4 51. Kc5 g5 52. Kd4 g4 53. Ra8 Kf3 54. Kd3 Kf2 55. Rf8+ Kg2 56. Ke3 Kg3 57. Rg8 1-0